000 00410nam a2200169Ia 4500
005 20250519013525.0
008 240331s9999 xx 000 0 und d
082 _bKAN
_a305.4
100 _aMarga Ayathanaya
245 0 _aKanthawa, samajaya, vimukthiya - ii
260 _aColombo
_bMerga Institute
_c1977
300 _a175 p .,
650 _aWoman
650 _aSociety
650 _aLiberation
942 _cL
999 _c1669
_d1669